000 00281nam a2200109Ia 4500
001 588823
005 20250717120838.0
008 250717s9999 xx 000 0 und d
245 0 _aV-15 ÖZVERİLİ DAVRANIYORUM
_cSAVAŞ ÖZDEMİR
260 _bTİMAŞ YAYINLARI
_c2016
300 _b64
999 _c588823
_d588823